№ 2; Охрана труда и техника безопасности на промышленных предприятиях

Dades bibliogràfiques
Parent link:Охрана труда и техника безопасности на промышленных предприятиях: ежемесячный производственно-технический журнал. № 2.— , 2004-
Idioma:rus
Publicat: 2013
Format: MixedMaterials Llibre
KOHA link:https://koha.lib.tpu.ru/cgi-bin/koha/opac-detail.pl?biblionumber=502585

MARC

LEADER 00000nam2a2200000 4500
001 502585
005 20231101102406.0
035 |a (RuTPU)RU\TPU\prd\173142 
090 |a 502585 
100 |a 20130328a20049999m y0rusy50 ca 
101 0 |a rus 
102 |a RU 
200 0 |a № 2 
210 |d 2013 
461 1 |0 (RuTPU)RU\TPU\prd\26143  |t Охрана труда и техника безопасности на промышленных предприятиях  |o ежемесячный производственно-технический журнал  |v № 2  |d 2004- 
801 0 |a RU  |b 63413507  |c 20010227  |g PSBO 
801 1 |a RU  |b 63413507  |c 20130328 
801 2 |a RU  |b 63413507  |c 20230523  |g RCR 
942 |c BK 
999 |a НТБ_ТПУ  |b НФ  |e -1/20130109  |p П-9350  |s 5/20121010  |u 0,00  |v 1